Learning Resource and Development

Blockbuster / (Record no. 16254)

MARC details
000 -LEADER
fixed length control field 00919cam a2200265 i 4500
001 - CONTROL NUMBER
control field blockbuster00barl
003 - CONTROL NUMBER IDENTIFIER
control field CaSfIA
005 - DATE AND TIME OF LATEST TRANSACTION
control field 20230525154626.0
007 - PHYSICAL DESCRIPTION FIXED FIELD--GENERAL INFORMATION
fixed length control field cr||||
008 - FIXED-LENGTH DATA ELEMENTS--GENERAL INFORMATION
fixed length control field 760716s1977 nyub 00011 eng
010 ## - LIBRARY OF CONGRESS CONTROL NUMBER
LC control number 76026909 //r93
020 ## - INTERNATIONAL STANDARD BOOK NUMBER
International Standard Book Number 0688031277
040 ## - CATALOGING SOURCE
Original cataloging agency DLC
Transcribing agency DLC
Modifying agency DLC
-- OCoLC
-- CaSfIA
050 00 - LIBRARY OF CONGRESS CALL NUMBER
Classification number PZ4.B2567
Item number Bl 1977
Classification number PR6052.A654
082 00 - DEWEY DECIMAL CLASSIFICATION NUMBER
Classification number 823/.9/14
100 10 - MAIN ENTRY--PERSONAL NAME
Personal name Barlay, Stephen.
245 10 - TITLE STATEMENT
Title Blockbuster /
Medium [electronic resource]
Statement of responsibility, etc. Stephen Barlay.
260 0# - PUBLICATION, DISTRIBUTION, ETC.
Place of publication, distribution, etc. New York :
Name of publisher, distributor, etc. Morrow,
Date of publication, distribution, etc. 1977.
300 ## - PHYSICAL DESCRIPTION
Extent 336 p. :
Other physical details map ;
Dimensions 22 cm.
650 #0 - SUBJECT ADDED ENTRY--TOPICAL TERM
Topical term or geographic name entry element Extortion
General subdivision Fiction.
655 #7 - INDEX TERM--GENRE/FORM
Genre/form data or focus term Adventure stories.
Source of term gsafd
655 #7 - INDEX TERM--GENRE/FORM
Genre/form data or focus term Detective and mystery stories.
Source of term gsafd
856 41 - ELECTRONIC LOCATION AND ACCESS
Uniform Resource Identifier <a href="http://www.archive.org/details/blockbuster00barl">http://www.archive.org/details/blockbuster00barl</a>
Public note Free eBook from the Internet Archive
856 42 - ELECTRONIC LOCATION AND ACCESS
Uniform Resource Identifier <a href="http://www.openlibrary.org/books/OL4893832M">http://www.openlibrary.org/books/OL4893832M</a>
Public note Additional information and access via Open Library
Holdings
Withdrawn status Lost status Damaged status Not for loan Collection Home library Current library Date acquired Total Checkouts Full call number Date last seen Price effective from Koha item type
        Project Gutenberg Main Library Main Library 05/25/2023   PZ4.B2567 Bl 1977 PR6052.A654 05/25/2023 05/25/2023 EBooks